Players Championships 2023 (Darts) - Statistiken

Allgemein
  • Dieses Quiz wurde 39 mal gespielt
  • Das Durchschnittsergebnis liegt bei 24 aus 30
Antwortstatistiken
Hint Sieger Nationalität % Korrekt
8 Gary Anderson Schottland
100%
24 Gary Anderson Schottland
100%
25 Gary Anderson Schottland
100%
17 Gerwyn Price Wales
97%
18 Gerwyn Price Wales
97%
21 Gerwyn Price Wales
97%
29 Gerwyn Price Wales
97%
14 Damon Heta Australien
94%
16 Damon Heta Australien
94%
7 Michael van Gerwen Niederlande
94%
13 Michael Smith England
91%
5 Ross Smith England
91%
28 Ross Smith England
91%
2 Danny Noppert Niederlande
85%
22 Danny Noppert Niederlande
85%
3 Kim Huybrechts Belgien
82%
9 Krzysztof Ratajski Polen
82%
15 Luke Humphries England
82%
20 Luke Humphries England
82%
4 Dirk van Duijvenbode Niederlande
76%
6 Dirk van Duijvenbode Niederlande
76%
10 Dirk van Duijvenbode Niederlande
76%
12 Jonny Clayton Wales
76%
23 Dave Chisnall England
74%
30 Dave Chisnall England
74%
11 Rob Cross England
74%
1 Ryan Searle England
59%
27 Radek Szaganski Polen
47%
19 Callan Rydz England
24%
26 Ryan Joyce England
24%
Keine übereinstimmenden Quizze gefunden
Verteilung der Resultate
Anzahl Personen mit jedem Resultat
Perzentil nach korrekt beantworteten Fragen
Ihre Resultats-Entwicklung
Sie haben dieses Quiz noch nicht gespielt